[Event "OL-NORD WEST 1617 Nordhorn Blanke - SV "]
[Site "?"]
[Date "2017.05.07"]
[Round "9.4"]
[White "Bierenbroodspot, Paul"]
[Black "Markgraf, Stefan"]
[Result "1/2-1/2"]
[WhiteElo "2078"]
[BlackElo "2096"]
[PlyCount "81"]
[EventDate "2017.??.??"]

1. e4 e5 2. Nf3 Nc6 3. Bb5 a6 4. Ba4 Nf6 5. Nc3 b5 6. Bb3 Bc5 7. d3 h6 8. Be3
d6 9. a4 Rb8 10. axb5 axb5 11. h3 O-O 12. O-O Nd4 13. Bxd4 Bxd4 14. Nxd4 exd4
15. Ne2 c5 16. c3 dxc3 17. bxc3 Qb6 18. Ng3 Be6 19. Rb1 Bd7 20. d4 Rfe8 21. Re1
Qc7 22. Qf3 Be6 23. Nf5 Bxf5 24. Qxf5 b4 25. e5 dxe5 26. dxe5 Nh7 27. e6 fxe6
28. Rxe6 Rxe6 29. Qxe6+ Kh8 30. cxb4 cxb4 31. Rd1 Nf6 32. g3 Re8 33. Qc4 Qxc4
34. Bxc4 Rb8 35. Bb3 Ne4 36. Rd5 Nc3 37. Rd2 Ne4 38. Rd5 Nc3 39. Rd2 Ne4 40.
Rc2 Nc3 41. Rd2 1/2-1/2

[Event "OL-NORD WEST 1617 Nordhorn Blanke - SV "]
[Site "?"]
[Date "2017.05.07"]
[Round "9.5"]
[White "Hagemann, Sven"]
[Black "Hoellmann, Ludger"]
[Result "1/2-1/2"]
[WhiteElo "2025"]
[BlackElo "2079"]
[PlyCount "131"]
[EventDate "2017.??.??"]

1. e4 e5 2. Nf3 Nc6 3. d4 exd4 4. Bc4 Nf6 5. e5 d5 6. Bb5 Ne4 7. Nxd4 Bc5 8.
Be3 O-O 9. Bxc6 bxc6 10. O-O Qe8 11. Nd2 Nxd2 12. Qxd2 Qxe5 13. Nxc6 Bxe3 14.
fxe3 Qxb2 15. Ne7+ Kh8 16. Nxc8 Raxc8 17. Qxd5 Qc3 18. Qd4 Qxc2 19. Qxa7 Rcd8
20. Rac1 Qe2 21. Rf2 Rd1+ 22. Rxd1 Qxd1+ 23. Rf1 Qd2 24. h3 Kg8 25. a4 Re8 26.
Rf3 Qd1+ 27. Kh2 Qd6+ 28. Kg1 f6 29. Rf4 Qc6 30. Qd4 Qc1+ 31. Kh2 Qxe3 32. Qxe3
Rxe3 33. Rc4 Ra3 34. h4 c5 35. h5 h6 36. g3 Kf7 37. Kh3 Ke7 38. Rxc5 Rxa4 39.
Rc7+ Kf8 40. Rc8+ Kf7 41. Rc7+ Kg8 42. g4 Ra3+ 43. Kg2 Re3 44. Kf2 Rd3 45. Rc8+
Kh7 46. Rc7 Rd5 47. Kg3 Rg5 48. Kh4 Kg8 49. Ra7 Kf8 50. Rb7 Re5 51. Ra7 Re3 52.
Rb7 Rf3 53. Rb8+ Kf7 54. Rb7+ Kg8 55. Rb8+ Kh7 56. Rb5 Rd3 57. Rb7 Rd1 58. Ra7
Rf1 59. Ra5 Rf4 60. Kg3 Rc4 61. Ra7 Rc5 62. Rb7 f5 63. gxf5 Rxf5 64. Kg4 Rf1
65. Rb8 Rg1+ 66. Kh4 1/2-1/2

[Event "OL-NORD WEST 1617 Nordhorn Blanke - SV "]
[Site "?"]
[Date "2017.05.07"]
[Round "9.7"]
[White "Kohlmeier, Frank"]
[Black "Bos, Robin"]
[Result "0-1"]
[WhiteElo "1951"]
[BlackElo "1974"]
[PlyCount "56"]
[EventDate "2017.??.??"]

1. e4 c5 2. Nf3 Nc6 3. d4 cxd4 4. Nxd4 Nf6 5. Nc3 e5 6. Nb3 Bb4 7. Bd3 d5 8.
exd5 Nxd5 9. Bd2 Nxc3 10. Bxc3 Bxc3+ 11. bxc3 O-O 12. O-O b6 13. Re1 Bb7 14.
Qg4 g6 15. Rad1 Qc7 16. Re3 Rae8 17. h4 Ne7 18. h5 Nd5 19. Rg3 Nf4 20. hxg6
hxg6 21. Bf1 f5 22. Qg5 Re7 23. Qh6 Rh7 24. Rxg6+ Nxg6 25. Qxg6+ Kh8 26. Qe6
Qg7 27. Rd7 Qxd7 28. Qxe5+ Qg7 0-1

[Event "OL-NORD WEST 1617 Nordhorn Blanke - SV "]
[Site "?"]
[Date "2017.05.07"]
[Round "9.8"]
[White "Scheffner, Jarno"]
[Black "Tietze, Manfred"]
[Result "1/2-1/2"]
[WhiteElo "1768"]
[BlackElo "1886"]
[PlyCount "133"]
[EventDate "2017.??.??"]

1. e4 d6 2. g3 g6 3. Bg2 Bg7 4. Nf3 c5 5. O-O Nc6 6. c3 Nf6 7. Qc2 O-O 8. Nh4
Bd7 9. f4 Rc8 10. h3 e6 11. d3 d5 12. Be3 d4 13. Bf2 e5 14. Nd2 Qc7 15. fxe5
Qxe5 16. Ndf3 Qb8 17. cxd4 cxd4 18. Qd2 Nh5 19. Kh2 Bf6 20. Nf5 Bxf5 21. exf5
Kg7 22. fxg6 hxg6 23. Rfe1 Rfe8 24. b4 Rxe1 25. Rxe1 Qd6 26. Re4 b5 27. a3 Rd8
28. Rg4 Kh7 29. Ng5+ Kg8 30. Ne4 Qe6 31. Nxf6+ Nxf6 32. Rg5 a6 33. Qf4 Nd5 34.
Qf3 Nde7 35. Rc5 Rd6 36. Qf4 Qf6 37. Qxf6 Rxf6 38. Kg1 Rd6 39. Kf1 Nd8 40. Re5
Ne6 41. g4 Rd8 42. Bb7 Rd6 43. Bh4 Nc6 44. Re4 Ncd8 45. Bxd8 Nxd8 46. Re8+ Kg7
47. Bxa6 Rxa6 48. Rxd8 Rxa3 49. Rxd4 Rb3 50. Kf2 Kf6 51. h4 Rb1 52. g5+ Ke6 53.
Rf4 Rb3 54. Ke3 Rb2 55. d4 Rb3+ 56. Kd2 Kd5 57. Rxf7 Kxd4 58. Rf6 Rb2+ 59. Kc1
Rh2 60. Rxg6 Rxh4 61. Rg8 Kc3 62. Rc8+ Kxb4 63. g6 Rg4 64. Rg8 Kb3 65. g7 b4
66. Kd2 Kb2 67. Rb8 {(=)} 1/2-1/2

[Event "OL-NORD WEST 1617 SV Hellern - SV Werde"]
[Site "?"]
[Date "2017.05.07"]
[Round "9.1"]
[White "Steffens, Olaf"]
[Black "Lingnau, Carsten"]
[Result "0-1"]
[WhiteElo "2212"]
[BlackElo "2416"]
[PlyCount "72"]
[EventDate "2017.??.??"]

1. b4 d5 2. e3 e5 3. a3 Nf6 4. Bb2 Bd6 5. c4 c6 6. Nf3 Qe7 7. Nc3 d4 8. Ne2
dxe3 9. dxe3 O-O 10. Ng3 b6 11. Be2 a5 12. b5 cxb5 13. cxb5 g6 14. Qa4 Nbd7 15.
O-O Nc5 16. Qh4 Bb7 17. Rfd1 Bxf3 18. Bxf3 Rad8 19. Qg5 Ne6 20. Qh6 Nc5 21. Qg5
Ne6 22. Qh4 Nc5 23. a4 Qe6 24. Be2 Kg7 25. f4 Bc7 26. f5 Qb3 27. fxg6 fxg6 28.
Rxd8 Rxd8 29. Bc4 Qxe3+ 30. Kh1 Qf4 31. Qxf4 exf4 32. Re1 fxg3 33. hxg3 Bxg3
34. Rf1 Nce4 35. Kg1 Bd6 36. Kh1 Ng3+ 0-1

[Event "OL-NORD WEST 1617 SV Hellern - SV Werde"]
[Site "?"]
[Date "2017.05.07"]
[Round "9.3"]
[White "Kardoeus, David"]
[Black "Gronde, Ingo"]
[Result "0-1"]
[WhiteElo "2175"]
[BlackElo "2228"]
[PlyCount "54"]
[EventDate "2017.??.??"]

1. e4 e6 2. d4 d5 3. Nd2 Be7 4. Bd3 c5 5. dxc5 Nf6 6. Qe2 O-O 7. Ngf3 a5 8. Ng5
h6 9. h4 Na6 10. e5 Nd7 11. Nb3 Naxc5 12. Nxc5 Nxc5 13. Bh7+ Kh8 14. Qh5 Qc7
15. Nxf7+ Rxf7 16. Qxf7 Kxh7 17. Be3 Nd3+ 18. Kf1 Nxe5 19. Qh5 Bd7 20. Re1 Bd6
21. c3 Rf8 22. Rh3 Qc4+ 23. Kg1 Ng4 24. Bd4 e5 25. b3 Qc8 26. Be3 g6 27. Qxe5
Bxe5 0-1

[Event "OL-NORD WEST 1617 SV Hellern - SV Werde"]
[Site "?"]
[Date "2017.05.07"]
[Round "9.4"]
[White "Ewert, Hannes"]
[Black "Lai Hop, Duong"]
[Result "0-1"]
[WhiteElo "2231"]
[BlackElo "2170"]
[PlyCount "86"]
[EventDate "2017.??.??"]

1. Nf3 d5 2. g3 Nf6 3. Bg2 c6 4. O-O Bf5 5. d3 h6 6. Nbd2 e6 7. Qe1 Bc5 8. e4
Bh7 9. Qe2 O-O 10. b3 a5 11. a3 Qe7 12. Bb2 Rd8 13. c4 dxe4 14. dxe4 Qd7 15.
Rad1 Na6 16. Ne5 Qe7 17. Nb1 Rxd1 18. Rxd1 Rd8 19. Nd3 Bd4 20. Bc1 Nc5 21. Nxc5
Qxc5 22. Kh1 Bg6 23. h3 Qb6 24. Rd3 Nd7 25. Be3 Bxe3 26. Qxe3 Qxe3 27. fxe3 Kf8
28. c5 Ke7 29. b4 Ra8 30. Rb3 axb4 31. axb4 Ra1 32. Kh2 Ra2 33. Nc3 Rc2 34. g4
Ne5 35. Kg3 Nc4 36. Bf3 Nxe3 37. Be2 Rc1 38. Kf2 Nc2 39. b5 Nd4 40. bxc6 bxc6
41. Ra3 Kf6 42. Ke3 Ke5 43. Bd1 Rxd1 0-1

[Event "OL-NORD WEST 1617 SV Hellern - SV Werde"]
[Site "?"]
[Date "2017.05.07"]
[Round "9.5"]
[White "Buescher, Andre"]
[Black "Happe, Reinhold"]
[Result "1/2-1/2"]
[WhiteElo "2052"]
[BlackElo "2118"]
[PlyCount "39"]
[EventDate "2017.??.??"]

1. e4 e5 2. Nf3 Nc6 3. Bb5 a6 4. Ba4 Nf6 5. O-O Be7 6. d3 d6 7. c3 O-O 8. Re1
b5 9. Bb3 Na5 10. Bc2 c5 11. Nbd2 Nc6 12. Nf1 h6 13. Ng3 Nh7 14. d4 cxd4 15.
cxd4 Ng5 16. dxe5 Nxf3+ 17. Qxf3 Nd4 18. Qd1 dxe5 19. Bd3 Be6 20. Nf5 {(=)}
1/2-1/2

[Event "OL-NORD WEST 1617 SV Hellern - SV Werde"]
[Site "?"]
[Date "2017.05.07"]
[Round "9.6"]
[White "Stock, Joerg"]
[Black "Schoetzig, Detlef"]
[Result "1-0"]
[WhiteElo "2184"]
[BlackElo "2093"]
[PlyCount "69"]
[EventDate "2017.??.??"]

1. e4 d5 2. exd5 Nf6 3. d4 Nxd5 4. Nf3 g6 5. c4 Nb6 6. Nc3 Bg7 7. c5 Nd5 8. Bc4
Nxc3 9. bxc3 O-O 10. O-O e6 11. Qe2 Nc6 12. Rd1 Bd7 13. Bg5 Qc8 14. Rab1 Re8
15. Qd2 Ne7 16. Re1 Bc6 17. Ne5 Bd5 18. Bxe7 Rxe7 19. Nxg6 hxg6 20. Bxd5 c6 21.
Bc4 Qc7 22. Qg5 Rae8 23. Re3 b5 24. cxb6 axb6 25. Rbe1 Qd6 26. h4 Kh7 27. h5
Bh6 28. hxg6+ Kg7 29. Qh4 Rh8 30. gxf7 Rxf7 31. Qg4+ Kf8 32. Rxe6 Be3 33. R1xe3
Qh2+ 34. Kf1 Qh1+ 35. Ke2 1-0

[Event "OL-NORD WEST 1617 SV Hellern - SV Werde"]
[Site "?"]
[Date "2017.05.07"]
[Round "9.7"]
[White "Pollmann, Sascha"]
[Black "Bade, Hans-Juergen"]
[Result "1/2-1/2"]
[WhiteElo "2053"]
[BlackElo "1994"]
[PlyCount "58"]
[EventDate "2017.??.??"]

1. Nf3 e6 2. g3 b6 3. Bg2 Bb7 4. O-O Nf6 5. b3 Be7 6. Bb2 O-O 7. c4 d6 8. Nc3
c5 9. e3 Nbd7 10. Qe2 a6 11. Rfd1 Qc7 12. Rac1 Rfe8 13. d4 Ne4 14. d5 Nxc3 15.
Bxc3 exd5 16. cxd5 Bf6 17. Nh4 Bxc3 18. Rxc3 b5 19. Nf5 Nf6 20. Qc2 g6 21. Nh4
Qe7 22. e4 Bc8 23. Re3 Ng4 24. Ree1 f6 25. h3 Nh6 26. Qd2 Nf7 27. Kh2 Kg7 28.
f4 Qd8 29. Nf3 Ra7 1/2-1/2

[Event "OL-NORD WEST 1617 SV Hellern - SV Werde"]
[Site "?"]
[Date "2017.05.07"]
[Round "9.8"]
[White "Weist, Thorben"]
[Black "Heinemann, Lars"]
[Result "0-1"]
[WhiteElo "1960"]
[BlackElo "1974"]
[PlyCount "58"]
[EventDate "2017.??.??"]

1. e4 g6 2. d4 Bg7 3. Nc3 d6 4. Be3 a6 5. Qd2 b5 6. f3 Nd7 7. O-O-O Bb7 8. g4
Rc8 9. h4 h5 10. g5 e6 11. Bh3 c6 12. f4 Ne7 13. f5 gxf5 14. exf5 Nxf5 15. Bxf5
exf5 16. Rf1 c5 17. Rh2 b4 18. Nce2 Be4 19. dxc5 Nxc5 20. Nd4 b3 21. Nxb3 Nxb3+
22. axb3 Rxc2+ 23. Qxc2 Bxc2 24. Rxc2 Qa5 25. Kb1 O-O 26. Ne2 Re8 27. Bd2 Qd5
28. Ng3 Qd3 29. Rg1 Rc8 0-1

[Event "OL-NORD WEST 1617 Delmenhorster SK - SF"]
[Site "?"]
[Date "2017.05.07"]
[Round "9.1"]
[White "Schirm, Friedmar"]
[Black "Hoeffer, David"]
[Result "0-1"]
[WhiteElo "2238"]
[BlackElo "2284"]
[PlyCount "86"]
[EventDate "2017.??.??"]

1. Nf3 Nf6 2. c4 g6 3. Nc3 Bg7 4. e4 d6 5. d4 O-O 6. Be2 e5 7. d5 a5 8. O-O Na6
9. Bg5 h6 10. Bxf6 Qxf6 11. a3 Bd7 12. Ne1 Qe7 13. Nd3 a4 14. Nxa4 Bxa4 15.
Qxa4 Nc5 16. Nxc5 Rxa4 17. Nxa4 h5 18. Rac1 Bh6 19. Rc2 Qh4 20. Bd3 f5 21. Re1
b6 22. Ree2 f4 23. f3 g5 24. Nc3 g4 25. Rc1 Qg5 26. Kh1 Kh8 27. Rf1 Qd8 28. Rc2
Bg5 29. Be2 Qd7 30. Nd1 Bh4 31. Rc3 Rg8 32. b4 Qe7 33. fxg4 hxg4 34. h3 Qh7 35.
Nf2 Bxf2 36. Rxf2 g3 37. Rf1 Qxe4 38. Bf3 Qd4 39. Rcc1 Ra8 40. c5 bxc5 41. bxc5
Rxa3 42. cxd6 cxd6 43. Rfe1 Rxf3 0-1

[Event "OL-NORD WEST 1617 Delmenhorster SK - SF"]
[Site "?"]
[Date "2017.05.07"]
[Round "9.2"]
[White "Korsus, Bernd"]
[Black "Ackermann, Dennie"]
[Result "1-0"]
[WhiteElo "2326"]
[BlackElo "2199"]
[PlyCount "63"]
[EventDate "2017.??.??"]

1. d4 Nf6 2. Nf3 e6 3. g3 d5 4. Bg2 Bd6 5. O-O c6 6. Nbd2 Ne4 7. Nxe4 dxe4 8.
Ng5 f5 9. f3 h6 10. Nh3 exf3 11. exf3 O-O 12. Re1 c5 13. Kh1 cxd4 14. Qxd4 e5
15. Qc4+ Kh7 16. Be3 Qe7 17. Rad1 Nc6 18. f4 e4 19. g4 Be6 20. Qe2 g6 21. gxf5
gxf5 22. Qh5 Rad8 23. Bxe4 Qf6 24. Ng5+ Kh8 25. Nxe6 Qxe6 26. Bd5 Qf6 27. Rg1
Rg8 28. Rxg8+ Rxg8 29. Bxg8 Kxg8 30. Qe8+ Kh7 31. Qd7+ Be7 32. Bc5 1-0

[Event "OL-NORD WEST 1617 Delmenhorster SK - SF"]
[Site "?"]
[Date "2017.05.07"]
[Round "9.3"]
[White "Boehm, Juergen"]
[Black "Steingraeber, Kai Uwe"]
[Result "1/2-1/2"]
[WhiteElo "2188"]
[BlackElo "2110"]
[PlyCount "29"]
[EventDate "2017.??.??"]

1. b3 Nf6 2. Bb2 e6 3. e3 b6 4. Nf3 Bb7 5. c4 Be7 6. Be2 O-O 7. O-O c5 8. d4 d6
9. Nc3 Nbd7 10. Qc2 Rc8 11. Rfd1 Qc7 12. Rac1 Qb8 13. Qb1 a6 14. a3 Qa8 15. Ne1
1/2-1/2

[Event "OL-NORD WEST 1617 Delmenhorster SK - SF"]
[Site "?"]
[Date "2017.05.07"]
[Round "9.4"]
[White "Margraf, Daniel"]
[Black "Kaimer, Thomas"]
[Result "1-0"]
[WhiteElo "2162"]
[BlackElo "2194"]
[PlyCount "101"]
[EventDate "2017.??.??"]

1. e4 c5 2. Nc3 Nc6 3. f4 g6 4. Nf3 Bg7 5. d3 d6 6. Be2 e6 7. O-O Nge7 8. Qe1
Rb8 9. Bd1 b5 10. Qh4 Nd4 11. f5 exf5 12. Bh6 Nxf3+ 13. Bxf3 Bd4+ 14. Kh1 Ng8
15. Bg5 Bf6 16. Bxf6 Qxf6 17. Qe1 Ne7 18. exf5 O-O 19. Ne4 Qe5 20. f6 Nf5 21.
g4 Nd4 22. Qh4 Ne6 23. Rae1 Bb7 24. Bg2 Rfe8 25. Qh6 Bxe4 26. Bxe4 Qg5 27. Qxg5
Nxg5 28. Bc6 Rxe1 29. Rxe1 Ne6 30. Bd7 Nf8 31. Re7 Nxd7 32. Rxd7 h6 33. Rxa7
Re8 34. Re7 Ra8 35. a3 g5 36. Rb7 Ra4 37. Rxb5 Kh7 38. h3 Kg6 39. Rb6 Rd4 40.
b3 Kxf6 41. a4 Rd5 42. a5 Re5 43. Rxd6+ Ke7 44. Rxh6 Re1+ 45. Kg2 Re2+ 46. Kf3
Rxc2 47. Ke4 f6 48. Kd5 Rc3 49. Rh7+ Kf8 50. a6 Kg8 51. Rb7 1-0

[Event "OL-NORD WEST 1617 Delmenhorster SK - SF"]
[Site "?"]
[Date "2017.05.07"]
[Round "9.6"]
[White "Silber, Kevin"]
[Black "Herrmann, Andreas"]
[Result "1/2-1/2"]
[WhiteElo "2048"]
[BlackElo "2163"]
[PlyCount "130"]
[EventDate "2017.??.??"]

1. e4 c5 2. Nf3 d6 3. d4 cxd4 4. Nxd4 Nf6 5. Nc3 a6 6. Bg5 e6 7. f4 Be7 8. Qf3
Qc7 9. O-O-O Nc6 10. h3 Nxd4 11. Rxd4 b5 12. Qd1 Bb7 13. Bxf6 Bxf6 14. Rxd6
Bxc3 15. bxc3 O-O 16. e5 Qxc3 17. Qd4 Qa3+ 18. Kb1 Rac8 19. Bd3 Bd5 20. Qb2 Qa4
21. Rf1 Bc4 22. f5 exf5 23. Rxf5 Bxd3 24. Rxd3 Qe4 25. Rff3 Qe1+ 26. Qc1 Qxe5
27. Rfe3 Qc5 28. Qd2 g6 29. Rd5 Qc7 30. Rd7 Rcd8 31. Ree7 Rxd7 32. Qxd7 Qxd7
33. Rxd7 Re8 34. Kc1 Kg7 35. Kd2 Re4 36. a3 h5 37. Rd6 Ra4 38. Rd3 g5 39. Ke3
f6 40. Kf3 h4 41. Ke3 Kg6 42. Ke2 Kf5 43. Rf3+ Ke5 44. Kd2 f5 45. Re3+ Re4 46.
Rf3 g4 47. Rb3 Rf4 48. Ke3 Rf1 49. Ke2 Rg1 50. Kf2 Rc1 51. Rc3 g3+ 52. Ke3 f4+
53. Kf3 Rf1+ 54. Kg4 Rf2 55. Rc5+ Kd6 56. Rf5 Rxc2 57. Kxh4 Rxg2 58. Rxf4 Rg1
59. Rf6+ Ke5 60. Rxa6 Kf5 61. Ra5 g2 62. Rxb5+ Kf4 63. Rg5 Kf3 64. Rf5+ Ke4 65.
Rg5 Kf3 1/2-1/2

[Event "OL-NORD WEST 1617 Delmenhorster SK - SF"]
[Site "?"]
[Date "2017.05.07"]
[Round "9.7"]
[White "Gabriel, Uwe"]
[Black "Traetmar, Mattis"]
[Result "1/2-1/2"]
[WhiteElo "2039"]
[BlackElo "1920"]
[PlyCount "45"]
[EventDate "2017.??.??"]

1. c4 c5 2. g3 Nc6 3. Bg2 g6 4. Nc3 Bg7 5. f4 Nf6 6. Nf3 d5 7. cxd5 Nxd5 8. O-O
e6 9. Ne4 b6 10. Rb1 O-O 11. b3 Bb7 12. Bb2 Bxb2 13. Rxb2 Qe7 14. Nc3 Rad8 15.
Qc1 Nd4 16. d3 Nxf3+ 17. Bxf3 Qf6 18. Nxd5 exd5 19. Kg2 Rfe8 20. b4 Rc8 21.
bxc5 Rxc5 22. Rc2 Rec8 23. Rxc5 {(=)} 1/2-1/2

[Event "OL-NORD WEST 1617 Delmenhorster SK - SF"]
[Site "?"]
[Date "2017.05.07"]
[Round "9.8"]
[White "Steffens, Oliver"]
[Black "Streich, Gerhard"]
[Result "1/2-1/2"]
[WhiteElo "1948"]
[BlackElo "2099"]
[PlyCount "41"]
[EventDate "2017.??.??"]

1. e4 d6 2. d4 g6 3. Nc3 Bg7 4. Be3 c6 5. Nf3 Bg4 6. Bc4 e6 7. Be2 Nd7 8. Qd2
Qa5 9. O-O Qc7 10. Rfe1 Bxf3 11. Bxf3 Ne7 12. Rad1 O-O 13. d5 Ne5 14. dxe6
Nxf3+ 15. gxf3 Nc8 16. exf7+ Qxf7 17. f4 Qe6 18. f3 a5 19. a4 Qc4 20. Bd4 Bh6
21. Be3 1/2-1/2